Sudden Death; Below the Equator - Statistics

General Stats
  • This quiz has been taken 70 times
  • The average score is 6 of 15
Answers on the Grid
Answers color-coded by a green-red scale on the quiz's grid according to % correct below.
Peru
Papua New Guinea
Ecuador
Indonesia
Malaysia
Brunei
Singapore
Uruguay
Rwanda
Burundi
Uganda
Democratic Republic of the Congo
Tanzania
Malawi
Bolivia
Nigeria
USA
Chile
Lesotho
Seyschelles
Timor-Leste
Australia
Congo
Monaco
 
Answer Stats
Answer % Correct
Australia
62%
Lesotho
57%
Papua New Guinea
52%
Uruguay
52%
Chile
48%
Tanzania
48%
Bolivia
43%
Timor-Leste
43%
Peru
38%
Burundi
33%
Congo
33%
Malawi
33%
Rwanda
29%
Seyschelles
29%
Uganda
29%
No matching quizzes found
Score Distribution
Percent of People with Each Score
Percentile by Number Answered
Your Score History
You have not taken this quiz